Understanding India (Record no. 72214)

MARC details
000 -LEADER
fixed length control field 00617nam a22002051 4500
001 - CONTROL NUMBER
control field sa 67000790
003 - CONTROL NUMBER IDENTIFIER
control field DLC
005 - DATE AND TIME OF LATEST TRANSACTION
control field 20260227112317.0
008 - FIXED-LENGTH DATA ELEMENTS--GENERAL INFORMATION
fixed length control field 740123s1966 ii 00010 eng
010 ## - LIBRARY OF CONGRESS CONTROL NUMBER
LC control number sa 67000790
025 ## - OVERSEAS ACQUISITION NUMBER
Overseas acquisition number PL480:I-E-6983
043 ## - GEOGRAPHIC AREA CODE
Geographic area code a-ii---
050 0# - LIBRARY OF CONGRESS CALL NUMBER
Classification number DS480.84
Item number .J57
100 10 - MAIN ENTRY--PERSONAL NAME
Personal name Jog, Narayan Gopal.
245 10 - TITLE STATEMENT
Title Understanding India
Statement of responsibility, etc. [by] N. G. Jog.
260 0# - PUBLICATION, DISTRIBUTION, ETC.
Place of publication, distribution, etc. [Delhi]
Name of publisher, distributor, etc. Publications Division [Ministry of Information and Broadcasting, Govt. of India,
Date of publication, distribution, etc. 1966]
300 ## - PHYSICAL DESCRIPTION
Extent 64 p.
Dimensions 21 cm.
651 #0 - SUBJECT ADDED ENTRY--GEOGRAPHIC NAME
Geographic name India
General subdivision Politics and government
Chronological subdivision 1947-
651 #0 - SUBJECT ADDED ENTRY--GEOGRAPHIC NAME
Geographic name India
General subdivision History
Chronological subdivision 1947-

No items available.

Powered by Koha